| 000 | 00691cam a22002294a 4500 | ||
|---|---|---|---|
| 999 |
_c148414 _d148414 |
||
| 003 | UPN | ||
| 005 | 20220528063546.0 | ||
| 008 | 100603s2004 es r 000 j spa d | ||
| 020 | _a8477024596 | ||
| 035 | _aUPN01000176311 | ||
| 040 |
_aUPN _bspa _cUPN |
||
| 049 | _aCG | ||
| 050 | 4 |
_aPN6071 A3.8 _bM5.4 |
|
| 245 | 0 | 0 |
_aMil y una aventuras : _blos mejores relatos de aventuras aparecidos en Valdemar (1987-2003) / _cDaniel Defoe... [et al.]. |
| 260 |
_aMadrid : _bValdemar, _c2004. |
||
| 300 | _a779 p. | ||
| 490 |
_aEl club Diógenes ; _v207 |
||
| 650 | 0 |
_aHistorias de aventuras _94131 |
|
| 700 | 1 |
_aDefoe, Daniel, _d1660-1731, _ecoaut. _932426 |
|
| 905 | _aLibro | ||
| 942 |
_2lcc _cLIBRO |
||